LIBRARY & INFORMATION CENTRE, KCAET, TAVANUR

ONLINE PUBLIC ACCESS CATALOGUE (OPAC)

Development and performance evaluation of a cablegation system for surface irrigation (Record no. 15281)

MARC details
000 -LEADER
fixed length control field 00796nam a22002057a 4500
003 - CONTROL NUMBER IDENTIFIER
control field OSt
088 ## - REPORT NUMBER
Report number P 52
100 ## - MAIN ENTRY--AUTHOR NAME
Personal name GEETHA S
245 ## - TITLE STATEMENT
Title Development and performance evaluation of a cablegation system for surface irrigation
260 ## - PUBLICATION, DISTRIBUTION, ETC. (IMPRINT)
Place of publication Tavanur 1996
Name of publisher Department of Land and Water Resources and Conservation Engineering
300 ## - PHYSICAL DESCRIPTION
Number of Pages 85
500 ## - GENERAL NOTE
General note Development and performance evaluation of a cablegation system for surface irrigation
520 ## - SUMMARY, ETC.
Summary, etc Development and performance evaluation of a cablegation system for surface irrigation
700 ## - ADDED ENTRY--PERSONAL NAME
Personal name Prasad V. P
700 ## - ADDED ENTRY--PERSONAL NAME
Personal name Vinodkumar P.R
700 ## - ADDED ENTRY--PERSONAL NAME
Personal name Er. Rema K. P (Guide)
856 ## - ELECTRONIC LOCATION AND ACCESS
Uniform Resource Identifier https://drive.google.com/open?id=1stDSE4h7-HIAl-kIn8Rf4MkJ4d-bSP7S
942 ## - ADDED ENTRY ELEMENTS (KOHA)
Koha item type Project Report
Holdings
Collection code Home library Current library Shelving location Full call number Accession Number Koha item type
Reference KAUAET KAUAET Reference 631.75807 GEE/DE P 52 Project Report
free website counter